| 000 | 00369cam a22001337a 4500 | ||
|---|---|---|---|
| 008 | 180718b1988 xxu||||| |||| 00| 0 eng d | ||
| 082 | _aT41x54 C393 | ||
| 100 | _aChaudhary, C.M. | ||
| 245 |
_aMonetary policy in India _cby C.M. Chaudhary |
||
| 260 |
_aJaipur _bNational _c1988 |
||
| 300 | _aviii, 296p. | ||
| 650 | _aMonetary policy. | ||
| 650 | _aMonetary policy --India | ||
| 999 |
_c434435 _d434435 |
||